Online
Catalog

Enseñanza de la historia e integración regional / (Record no. 23379)

MARC details
000 -CABECERA
campo de control de longitud fija 00672nam a2200193 a 4500
001 - NÚMERO DE CONTROL
campo de control 000023883
005 - FECHA Y HORA DE LA ÚLTIMA TRANSACCIÓN
campo de control 20200930022536.0
008 - DATOS DE LONGITUD FIJA--INFORMACIÓN GENERAL
campo de control de longitud fija 110115s1998 ve r 000 0 spa d
020 ## - NÚMERO INTERNACIONAL ESTÁNDAR DEL LIBRO
Número Internacional Estándar del Libro 9802229067
040 ## - FUENTE DE LA CATALOGACIÓN
Centro catalogador/agencia de origen DO-SdBNP
Lengua de catalogación spa
Centro/agencia transcriptor BNPHU
082 ## - NÚMERO DE LA CLASIFICACIÓN DECIMAL DEWEY
Número de clasificación nnnn
Número de documento/Ítem F363e
100 1# - ENTRADA PRINCIPAL--NOMBRE DE PERSONA
Nombre de persona Fernández Heres, Rafael,
Fechas asociadas al nombre 1933-
9 (RLIN) 49137
245 10 - MENCIÓN DE TÍTULO
Título Enseñanza de la historia e integración regional /
Mención de responsabilidad, etc. Rafael Fernández Heres.
260 ## - PUBLICACIÓN, DISTRIBUCIÓN, ETC.
Lugar de publicación, distribución, etc. Caracas :
Nombre del editor, distribuidor, etc. Academia Nacional de la Historia,
Fecha de publicación, distribución, etc. 1998.
300 ## - DESCRIPCIÓN FÍSICA
Extensión 69, [11] p. ;
Dimensiones 20 cm.
490 1# - MENCIÓN DE SERIE
Mención de serie El libro menor
Designación de volumen o secuencia 222
504 ## - NOTA DE BIBLIOGRAFÍA, ETC.
Nota de bibliografía, etc. Incluye referencias bibliográficas y notas al pie de las páginas.
830 #3 - PUNTO DE ACCESO ADICIONAL DE SERIE-TÍTULO UNIFORME
Título uniforme El libro menor ;
Designación de volumen o secuencia 222
9 (RLIN) 49138
Holdings
Estado de retiro Estado de pérdida Restricciones de uso No para préstamo Código de colección Localización permanente Ubicación/localización actual Ubicación en estantería Fecha de adquisición Número de inventario Total de préstamos Signatura topográfica completa Código de barras Fecha visto por última vez Precio válido a partir de Tipo de ítem Koha
    Préstamo interno   Monografías: Libros y Folletos General General En catalogación 15.01.2011 LF1   nnnn F363e 23883-10 25.06.2020 25.06.2020 Préstamo interno

Powered by Koha